Loading...
| Science - Chemistry | 1 | 7 | 0 | 1 | 85 | 48 | 101.00 | 1 | 3 | 17.64 | 37.28 |
| Science - Physics | 1 | 6 | 1 | 2 | 70 | 50 | 95.71 | 2 | 2 | 18.48 | 37.50 |
| History - Other | 1 | 2 | 0 | 1 | 35 | 75 | 102.67 | 0 | 2 | 7.08 | 14.36 |
| Science - Biology | 1 | 2 | 0 | 0 | 35 | 55 | 101.33 | 0 | 3 | 6.31 | 19.33 |
| Geography | 1 | 1 | 0 | 0 | 25 | 76 | 86.50 | 1 | 1 | 21.35 | 38.46 |
| History - World | 1 | 0 | 0 | 0 | 15 | 71 | 71.00 | 0 | 1 | 3.87 | 6.15 |
| Religion | 0 | 1 | 0 | 0 | 10 | 145 | 145.00 | 0 | 0 | 0.76 | 5.64 |
| History - American | 0 | 1 | 0 | 0 | 10 | 96 | 96.00 | 0 | 1 | 2.42 | 7.10 |
| Other Academic | 0 | 1 | 0 | 0 | 10 | 135 | 135.00 | 0 | 0 | 2.00 | 6.59 |
| Other Science (Mixed/Any) | 0 | 1 | 0 | 0 | 10 | 88 | 88.00 | 0 | 0 | 38.03 | 58.33 |
| Other Science (Astronomy) | 0 | 0 | 0 | 0 | 0 | 0.00 | 0 | 0 | 0.00 | 0.00 | |
| Fine Arts - Other Arts | 0 | 0 | 1 | 0 | -5 | 0.00 | 0 | 0 | 0.00 | 0.00 | |
| Other Science (Math) | 0 | 0 | 2 | 0 | -10 | 0.00 | 0 | 0 | 0.00 | 0.00 |